| 000 | 00441nam a22001697a 4500 | ||
|---|---|---|---|
| 003 | NUST | ||
| 020 | _a0071007008 | ||
| 038 | _aKhadija | ||
| 082 |
_a658.4032 _bNEU |
||
| 100 |
_aNeufville, Richard de _985092 |
||
| 245 | _aApplied Systems Analysis Engineering Planning and Technology Management | ||
| 260 |
_aNew Delhi : _bMcGraw Hill, _c1990. |
||
| 300 |
_a470 p. ; _b24 cm. |
||
| 500 | _aPaperback. | ||
| 563 | _aPB | ||
| 942 |
_cBK _2ddc |
||
| 999 |
_c33843 _d33843 |
||